Local Government Areas of Victoria - Statistics

General Stats
  • This quiz has been taken 99 times
  • The average score is 45 of 79
Answers on the Map
Answers color-coded by a green-red scale on the quiz's map according to % correct below.
 
Answer Stats
type Answer % Correct
City Greater Geelong
92%
City Melbourne
90%
Shire Mornington Peninsula
88%
Rural City Mildura
83%
City Warrnambool
83%
City Ballarat
81%
City Greater Bendigo
81%
City Yarra
81%
Shire Colac Otway
75%
Shire East Gippsland
75%
Rural City Swan Hill
73%
City Bayside
71%
City Frankston
71%
City Melton
71%
City Stonnington
71%
City Whitehorse
71%
City Whittlesea
71%
City Wodonga
71%
City Casey
69%
City Greater Dandenong
69%
Shire South Gippsland
69%
Shire Yarra Ranges
69%
City Greater Shepparton
67%
City Port Phillip
67%
City Wyndham
67%
Shire Cardinia
65%
City Hobsons Bay
65%
City Knox
65%
City Manningham
65%
Shire Surf Coast
65%
Shire Horsham
63%
City Hume
63%
City Kingston
63%
City Latrobe
63%
City Monash
63%
City Moonee Valley
63%
Borough Queenscliffe
60%
City Banyule
58%
Shire Bass Coast
58%
City Brimbank
58%
City Darebin
58%
City Maroondah
58%
Rural City Ararat
56%
City Boroondara
56%
City Moreland
56%
Shire Nillumbik
56%
Shire Alpine
54%
City Glen Eira
54%
Shire Macedon Ranges
54%
City Maribyrnong
54%
Shire Mitchell
54%
Rural City Wangaratta
54%
Shire Baw Baw
50%
Shire Glenelg
50%
Shire Mansfield
50%
Shire Southern Grampians
50%
Rural City Benalla
48%
Shire Campapse
48%
Shire Northern Grampians
46%
Shire Golden Plains
44%
Shire Loddon
44%
Shire Central Goldfields
42%
Shire Conrangamite
42%
Shire Moyne
42%
Shire Wellington
42%
Shire West Wimmera
40%
Shire Hepburn
38%
Shire Indigo
35%
Shire Moorabool
35%
Shire Mount Alexander
35%
Shire Murrindindi
33%
Shire Pyrenees
33%
Shire Towong
33%
Shire Moira
31%
Shire Buloke
29%
Shire Hindmarsh
27%
Shire Yarriambiack
27%
Shire Strathbogie
25%
Shire Gannawarra
21%
No matching quizzes found
Score Distribution
Percent of People with Each Score
Percentile by Number Answered
Your Score History
You have not taken this quiz